000 00962nam a22003137a 4500
003 CHAP
005 20220817042357.0
008 971013s1976 r 00010 d
010 _a42812
011 _a43784
035 _a47921
040 _cCHAP
082 _a624.183
_bE8Y
100 0 0 _aEverard, Noel J.
_938984
245 _aTeoría y problemas de diseño de concreto armado
260 _aMéxico, D. F. :
_bMcGraw-Hill,
_c1976
300 _a347 p.
_b: ilus.
490 _aSerie de Compendios Schaum
590 _aBATCH-UPD
_b10
_c20130110
_lUCH01
_h0031
590 _aBATCH-UPD
_b10
_c20130110
_lUCH01
_h1935
590 _aCONVERSION
_b10
_c20130109
_lUCH01
_h1324
650 1 4 _aConcreto armado.
_926306
650 1 4 _aConcreto
_xConstrucciones.
_926304
700 0 _aTanner, John L.
_9111599
830 0 _aSerie de Compendios Schaum
901 _aBK
942 _cLIBRO
949 _a624.183 E8Y
_bBC
_cLIBRO
_d33724000019154
_eLIBRO
_h941
_i47921
_si
_t163.00
999 _c42812
_d42812